|
|
|
|
| LEADER |
00000cam a2200000 i 4500 |
| 005 |
20111103143326.0 |
| 008 |
110223s2010 sp 001 0 spa c |
| 017 |
|
|
|a D.L.SE8703-2010
|
| 020 |
|
|
|a 978-84-9982-064-4
|
| 035 |
|
|
|a 5883
|
| 040 |
|
|
|a SpMaUCDE
|d BUS
|d vLex
|
| 090 |
|
|
|c 2734
|d 2734
|
| 100 |
1 |
|
|a Jimňez Muǫz, Francisco Javier.
|
| 245 |
1 |
3 |
|a La usura :
|b evolucin̤ histr̤ica y patologa̕ de los intereses
|h [Recurso electrn̤ico] /
|c Francisco Javier Jimňez Muǫz.
|
| 256 |
|
|
|a Servicio en ln̕ea.
|
| 260 |
|
|
|a Madrid :
|b Dykinson,
|c D.L. 2010.
|
| 300 |
|
|
|a 1 recurso electrn̤ico
|
| 490 |
0 |
|
|a Coleccin̤ Monografa̕s de Derecho Civil.
|v II
|
| 504 |
|
|
|a p. 173-187.
|
| 506 |
1 |
|
|a Contenido solo disponible en los productos indicados
|d vLex Global
|d vLex Global (Academic Edition, excluding Law Schools)
|d vLex Global (U.S. Academic Edition, Law Schools)
|d vLex Global (U.S. Academic Edition, excluding Law Schools)
|d vLex Global (Academic Edition, Law Schools)
|
| 650 |
0 |
4 |
|a Usura
|x Derecho
|
| 650 |
0 |
4 |
|a Interš (Economa̕)
|
| 650 |
0 |
4 |
|a Prštamos
|x Derecho
|z Espaą.
|
| 740 |
0 |
|
|a vLex Libros (Servicio en ln̕ea)
|
| 856 |
4 |
0 |
|u http://vlex.com/source/usura-evolucion-historica-patologia-intereses-5883
|z Acceso restringido
|
| 942 |
|
|
|c BOOK
|